[Event "D18blitz"]
[Site "?"]
[Date "2020.08.27"]
[Round "12.6"]
[White "Jurkowska, Magdalena"]
[Black "Rudzinska, Michalina"]
[Result "0-1"]
[BlackElo "1804"]
[WhiteElo "1351"]
[LiveChessVersion "1.4.4"]

1. e4 {[%clk 0:03:03]} c5 {[%clk 0:03:03]} 2. Nf3 {[%clk 0:03:04]} e6
{[%clk 0:03:05]} 3. d4 {[%clk 0:03:05]} cxd4 {[%clk 0:03:06]} 4. Nxd4
{[%clk 0:03:06]} a6 {[%clk 0:03:07]} 5. Nc3 {[%clk 0:03:07]} Qc7 {[%clk 0:03:07]}
6. Be2 {[%clk 0:03:07]} Nf6 {[%clk 0:03:07]} 7. O-O {[%clk 0:03:08]} Nc6
{[%clk 0:03:08]} 8. Be3 {[%clk 0:03:08]} Bb4 {[%clk 0:03:09]} 9. f3
{[%clk 0:03:04]} O-O {[%clk 0:03:09]} 10. a3 {[%clk 0:03:04]} Bd6
{[%clk 0:02:51]} 11. g3 {[%clk 0:03:00]} Be7 {[%clk 0:02:39]} 12. f4
{[%clk 0:02:59]} d6 {[%clk 0:02:40]} 13. Bf3 {[%clk 0:02:58]} Bd7
{[%clk 0:02:39]} 14. Qd2 {[%clk 0:02:53]} Rac8 {[%clk 0:02:32]} 15. Rac1
{[%clk 0:02:53]} Na5 {[%clk 0:02:31]} 16. Be2 {[%clk 0:02:47]} b5
{[%clk 0:02:30]} 17. Na2 {[%clk 0:02:44]} Nxe4 {[%clk 0:02:26]} 18. Qd1
{[%clk 0:02:32]} d5 {[%clk 0:02:23]} 19. Bf3 {[%clk 0:02:19]} Nf6
{[%clk 0:02:20]} 20. b4 {[%clk 0:02:13]} Nc4 {[%clk 0:02:20]} 21. Qd3
{[%clk 0:02:14]} a5 {[%clk 0:02:04]} 22. c3 {[%clk 0:02:14]} axb4
{[%clk 0:02:03]} 23. axb4 {[%clk 0:02:12]} Ra8 {[%clk 0:02:02]} 24. Rc2
{[%clk 0:02:13]} Ra3 {[%clk 0:01:58]} 25. Nc1 {[%clk 0:02:12]} Bxb4
{[%clk 0:01:55]} 26. Ncb3 {[%clk 0:02:07]} Be7 {[%clk 0:01:50]} 27. Rb1
{[%clk 0:02:01]} Rfa8 {[%clk 0:01:47]} 28. Nd2 {[%clk 0:01:58]} Ra1
{[%clk 0:01:47]} 29. Rcc1 {[%clk 0:01:57]} Rxb1 {[%clk 0:01:46]} 30. Rxb1
{[%clk 0:01:58]} Nxe3 {[%clk 0:01:44]} 31. Qxe3 {[%clk 0:01:59]} Bc5
{[%clk 0:01:44]} 32. N2b3 {[%clk 0:01:55]} Ra3 {[%clk 0:01:39]} 33. Nxc5
{[%clk 0:01:56]} Qxc5 {[%clk 0:01:40]} 34. Rc1 {[%clk 0:01:48]} h6
{[%clk 0:01:35]} 35. Kh1 {[%clk 0:01:49]} b4 {[%clk 0:01:18]} 36. Nc2
{[%clk 0:01:27]} Qxe3 {[%clk 0:01:17]} 37. Nxe3 {[%clk 0:01:28]} Rxc3
{[%clk 0:01:17]} 38. Rxc3 {[%clk 0:01:27]} bxc3 {[%clk 0:01:18]} 39. Bd1
{[%clk 0:01:28]} d4 {[%clk 0:01:18]} 40. Nc4 {[%clk 0:01:29]} d3 {[%clk 0:01:18]}
41. Ne3 {[%clk 0:01:18]} Nd5 {[%clk 0:01:18]} 0-1

[Event "D18blitz"]
[Site "?"]
[Date "2020.08.27"]
[Round "13.1"]
[White "Sowa, Wiktoria"]
[Black "Czarniecka, Aleksandra"]
[Result "1/2-1/2"]
[BlackElo "1758"]
[WhiteElo "1802"]
[LiveChessVersion "1.4.4"]

1. e4 c5 2. Nf3 d6 3. d4 cxd4 4. Nxd4 Nf6 5. f3 Nc6 6. c4 g6 7. Nc3 Bg7 8. Be3
O-O 9. Be2 a6 10. O-O Qc7 11. Rc1 Be6 12. Qd2 Qa5 13. Nb3 Qc7 14. Nd4 Qa5 15. Nb3
Qc7 16. Nd4 Qa5 17. b3 Rac8 18. Rfd1 Rfd8 19. h3 Nd7 20. Bf1 Nxd4 21. Bxd4 Bxd4+
22. Qxd4 Qc5 23. Nd5 Bxd5 24. exd5 Qxd4+ 25. Rxd4 b5 26. Re1 Kf8 27. cxb5 axb5
28. Bxb5 Rc5 29. Bc6 Ne5 30. Ba4 g5 31. b4 Rc3 32. Bb3 Rb8 33. Red1 Ke8 34. Kf2
Kd7 35. R1d2 h6 36. b5 Kc7 37. Ra4 Rxb5 38. Ra7+ Rb7 39. Ra8 Rb8 40. Ra7+ Rb7 41.
Ra6 Rb6 42. Ra7+ Rb7 43. Ra4 Nd3+ 44. Kg3 Nc5 45. Rc4 Rxc4 46. Bxc4 Rb4 47. Rc2
Kb6 48. Kg4 Nd3 49. Kg3 Ne5 50. Bb3 Kb7 51. Rc3 f6 52. a3 Rd4 53. Ba2 Rd2 54. Bb3
Ng6 55. Rc2 Rxc2 56. Bxc2 Nf4 57. Be4 Kb6 58. Kg4 h5+ 59. Kf5 Ka5 60. h4 Nxg2 61.
hxg5 fxg5 62. Kxg5 h4 63. Kg4 Ka4 64. Kh3 Nf4+ 65. Kxh4 Kxa3 66. Kg5 Ne2 67. Kf5
Kb4 68. Ke6 Kc5 69. Kxe7 Nf4 70. Kf6 Nxd5+ 71. Bxd5 Kxd5 72. Kg5 Ke6 73. Kg6 d5
74. f4 d4 1/2-1/2

[Event "D18blitz"]
[Site "?"]
[Date "2020.08.27"]
[Round "13.2"]
[White "Furtak, Joanna"]
[Black "Swiech, Joanna"]
[Result "1/2-1/2"]
[BlackElo "1664"]
[WhiteElo "1698"]
[LiveChessVersion "1.4.4"]

1. e4 {[%clk 0:03:02]} e5 {[%clk 0:03:03]} 2. Bc4 {[%clk 0:03:03]} Nc6
{[%clk 0:03:03]} 3. Nc3 {[%clk 0:03:04]} d6 {[%clk 0:02:59]} 4. d3
{[%clk 0:03:04]} Nf6 {[%clk 0:02:59]} 5. f4 {[%clk 0:03:05]} exf4
{[%clk 0:02:56]} 6. Bxf4 {[%clk 0:03:05]} Be7 {[%clk 0:02:51]} 7. Nf3
{[%clk 0:03:05]} O-O {[%clk 0:02:49]} 8. Qd2 {[%clk 0:02:40]} Na5
{[%clk 0:02:46]} 9. Bb3 {[%clk 0:02:39]} Nxb3 {[%clk 0:02:41]} 10. axb3
{[%clk 0:02:40]} c5 {[%clk 0:02:32]} 11. O-O {[%clk 0:02:28]} a6 {[%clk 0:02:30]}
12. Rfe1 {[%clk 0:02:04]} Re8 {[%clk 0:02:24]} 13. d4 {[%clk 0:01:53]} cxd4
{[%clk 0:02:03]} 14. Nxd4 {[%clk 0:01:53]} Bf8 {[%clk 0:01:34]} 15. Rad1
{[%clk 0:01:29]} Bg4 {[%clk 0:01:18]} 16. Nf3 {[%clk 0:01:06]} Qb6+
{[%clk 0:01:06]} 17. Kh1 {[%clk 0:01:01]} Rad8 {[%clk 0:01:02]} 18. Be3
{[%clk 0:00:50]} Qc7 {[%clk 0:00:55]} 19. Bd4 {[%clk 0:00:45]} Nd7
{[%clk 0:00:41]} 20. Nd5 {[%clk 0:00:41]} Qc6 {[%clk 0:00:32]} 21. Qf2
{[%clk 0:00:38]} Ne5 {[%clk 0:00:25]} 22. c4 {[%clk 0:00:15]} Qd7
{[%clk 0:00:16]} 23. Ne3 {[%clk 0:00:12]} Bxf3 {[%clk 0:00:15]} 24. gxf3
{[%clk 0:00:13]} Qh3 {[%clk 0:00:14]} 25. Rf1 {[%clk 0:00:11]} g6
{[%clk 0:00:12]} 26. Qg2 {[%clk 0:00:11]} Qxg2+ {[%clk 0:00:12]} 27. Kxg2
{[%clk 0:00:11]} Bg7 {[%clk 0:00:12]} 28. Bc3 {[%clk 0:00:12]} Nc6
{[%clk 0:00:08]} 29. Bxg7 {[%clk 0:00:10]} Kxg7 {[%clk 0:00:09]} 30. Nd5
{[%clk 0:00:11]} Na7 {[%clk 0:00:06]} 31. Rd2 {[%clk 0:00:10]} Nc8
{[%clk 0:00:06]} 32. Rfd1 {[%clk 0:00:11]} Rd7 {[%clk 0:00:06]} 33. b4
{[%clk 0:00:11]} Red8 {[%clk 0:00:05]} 34. Kf2 {[%clk 0:00:10]} f6
{[%clk 0:00:06]} 35. Ke2 {[%clk 0:00:10]} Kf7 {[%clk 0:00:07]} 36. b3
{[%clk 0:00:08]} Kg7 {[%clk 0:00:08]} 37. Nf4 {[%clk 0:00:08]} Kf7
{[%clk 0:00:09]} 38. c5 {[%clk 0:00:09]} Ke7 {[%clk 0:00:07]} 39. Nd5+
{[%clk 0:00:08]} Kf7 {[%clk 0:00:07]} 40. Nf4 {[%clk 0:00:07]} Ke7
{[%clk 0:00:09]} 41. Nd3 {[%clk 0:00:06]} Kf7 {[%clk 0:00:08]} 42. Nb2
{[%clk 0:00:06]} Ke7 {[%clk 0:00:09]} 43. Nc4 {[%clk 0:00:07]} dxc5
{[%clk 0:00:08]} 44. Rxd7+ {[%clk 0:00:08]} Rxd7 {[%clk 0:00:09]} 45. Rxd7+
{[%clk 0:00:09]} Kxd7 {[%clk 0:00:11]} 46. bxc5 {[%clk 0:00:09]} Kc6
{[%clk 0:00:11]} 47. b4 {[%clk 0:00:10]} Kb5 {[%clk 0:00:08]} 48. Kd3
{[%clk 0:00:10]} Kxb4 {[%clk 0:00:08]} 49. Nd6 {[%clk 0:00:11]} Ne7
{[%clk 0:00:06]} 50. Nxb7 {[%clk 0:00:12]} Kb5 {[%clk 0:00:06]} 51. Kd4
{[%clk 0:00:10]} Kc6 {[%clk 0:00:06]} 52. Na5+ {[%clk 0:00:11]} Kb5
{[%clk 0:00:06]} 53. Nb3 {[%clk 0:00:12]} a5 {[%clk 0:00:06]} 54. e5
{[%clk 0:00:10]} Nc6+ {[%clk 0:00:07]} 55. Kd5 {[%clk 0:00:09]} Nxe5
{[%clk 0:00:08]} 56. Nd4+ {[%clk 0:00:10]} Ka6 {[%clk 0:00:05]} 57. c6
{[%clk 0:00:10]} Kb6 {[%clk 0:00:06]} 58. Kd6 {[%clk 0:00:11]} Nc4+
{[%clk 0:00:05]} 59. Kd5 {[%clk 0:00:12]} Ne5 {[%clk 0:00:06]} 60. Kd6
{[%clk 0:00:13]} Nc4+ {[%clk 0:00:07]} 61. Kd5 {[%clk 0:00:11]} Ne5
{[%clk 0:00:08]} 62. f4 {[%clk 0:00:10]} Nf7 {[%clk 0:00:07]} 63. Ke6
{[%clk 0:00:12]} Nd8+ {[%clk 0:00:08]} 64. Kd7 {[%clk 0:00:12]} Nxc6
{[%clk 0:00:05]} 65. Nxc6 {[%clk 0:00:13]} Kb5 {[%clk 0:00:05]} 66. Nd4+
{[%clk 0:00:14]} Kc4 {[%clk 0:00:06]} 67. Nc2 {[%clk 0:00:14]} a4
{[%clk 0:00:08]} 68. Na3+ {[%clk 0:00:13]} Kb3 {[%clk 0:00:08]} 69. Nb1
{[%clk 0:00:12]} Kb2 {[%clk 0:00:09]} 70. Nd2 {[%clk 0:00:11]} Kc2
{[%clk 0:00:09]} 71. Nc4 {[%clk 0:00:12]} Kc3 {[%clk 0:00:09]} 72. Na3
{[%clk 0:00:13]} Kb3 {[%clk 0:00:09]} 73. Nb1 {[%clk 0:00:14]} g5
{[%clk 0:00:09]} 74. fxg5 {[%clk 0:00:14]} fxg5 {[%clk 0:00:10]} 75. Ke6
{[%clk 0:00:15]} Kc2 {[%clk 0:00:08]} 76. Na3+ {[%clk 0:00:16]} Kb2
{[%clk 0:00:07]} 77. Nc4+ {[%clk 0:00:16]} Kb3 {[%clk 0:00:04]} 78. Nd2+
{[%clk 0:00:17]} Kb2 {[%clk 0:00:03]} 79. Nc4+ {[%clk 0:00:18]} Kb3
{[%clk 0:00:05]} 80. Nd2+ {[%clk 0:00:20]} Kc2 {[%clk 0:00:06]} 81. Nc4
{[%clk 0:00:20]} Kb3 {[%clk 0:00:07]} 82. Nd2+ {[%clk 0:00:21]} Kc2
{[%clk 0:00:08]} 83. Nc4 1/2-1/2

[Event "D18blitz"]
[Site "?"]
[Date "2020.08.27"]
[Round "13.3"]
[White "Rudzinska, Michalina"]
[Black "Kalinowska, Zuzanna"]
[Result "0-1"]
[BlackElo "1798"]
[WhiteElo "1804"]
[LiveChessVersion "1.4.4"]

1. e4 {[%clk 0:03:03]} e6 {[%clk 0:03:03]} 2. d4 {[%clk 0:03:04]} d5
{[%clk 0:03:04]} 3. Nd2 {[%clk 0:03:05]} Nf6 {[%clk 0:03:05]} 4. e5
{[%clk 0:03:06]} Nfd7 {[%clk 0:03:06]} 5. Bd3 {[%clk 0:03:07]} c5
{[%clk 0:03:07]} 6. c3 {[%clk 0:03:08]} Nc6 {[%clk 0:03:08]} 7. Ne2
{[%clk 0:03:09]} cxd4 {[%clk 0:03:09]} 8. cxd4 {[%clk 0:03:10]} f6
{[%clk 0:03:09]} 9. exf6 {[%clk 0:03:11]} Nxf6 {[%clk 0:03:10]} 10. Nf3
{[%clk 0:03:12]} Bd6 {[%clk 0:03:10]} 11. O-O {[%clk 0:03:11]} Qc7
{[%clk 0:03:11]} 12. g3 {[%clk 0:03:12]} O-O {[%clk 0:03:10]} 13. Bf4
{[%clk 0:03:12]} Nh5 {[%clk 0:03:10]} 14. Bxd6 {[%clk 0:03:12]} Qxd6
{[%clk 0:03:10]} 15. Nc3 {[%clk 0:03:11]} g6 {[%clk 0:03:07]} 16. Re1
{[%clk 0:02:59]} Ng7 {[%clk 0:02:53]} 17. Rc1 {[%clk 0:02:51]} Qb4
{[%clk 0:02:43]} 18. Nb5 {[%clk 0:02:20]} a6 {[%clk 0:02:18]} 19. a3
{[%clk 0:02:17]} Qe7 {[%clk 0:01:57]} 20. Nc3 {[%clk 0:02:17]} Qf7
{[%clk 0:01:56]} 21. Re3 {[%clk 0:01:48]} Nxd4 {[%clk 0:01:47]} 22. Be2
{[%clk 0:01:33]} Nc6 {[%clk 0:01:41]} 23. Na4 {[%clk 0:01:19]} Nf5
{[%clk 0:01:31]} 24. Rb3 {[%clk 0:01:09]} Nfd4 {[%clk 0:01:16]} 25. Re3
{[%clk 0:00:42]} Nf5 {[%clk 0:01:03]} 26. Rec3 {[%clk 0:00:36]} Nfd4
{[%clk 0:00:38]} 27. Qe1 {[%clk 0:00:20]} Nxe2+ 28. Qxe2 {[%clk 0:00:21]} Bd7
{[%clk 0:00:31]} 29. Nb6 {[%clk 0:00:21]} Rac8 {[%clk 0:00:29]} 30. Nxc8
{[%clk 0:00:18]} Bxc8 {[%clk 0:00:25]} 31. R1c2 {[%clk 0:00:14]} Qf5
{[%clk 0:00:22]} 32. Qd3 {[%clk 0:00:09]} Qf6 {[%clk 0:00:19]} 33. Kg2
{[%clk 0:00:04]} Bd7 {[%clk 0:00:11]} 34. Rd2 {[%clk 0:00:04]} Ne5
{[%clk 0:00:08]} 35. Nxe5 {[%clk 0:00:04]} Qxe5 {[%clk 0:00:08]} 36. Re2
{[%clk 0:00:04]} Qd6 {[%clk 0:00:08]} 37. Qe3 {[%clk 0:00:04]} Rf6
{[%clk 0:00:08]} 38. Qe5 {[%clk 0:00:05]} Qf8 {[%clk 0:00:07]} 39. Rc7
{[%clk 0:00:05]} Bc6 {[%clk 0:00:06]} 40. b4 {[%clk 0:00:05]} d4+
{[%clk 0:00:06]} 41. Kg1 {[%clk 0:00:06]} d3 {[%clk 0:00:07]} 42. Rd2
{[%clk 0:00:06]} Qd8 {[%clk 0:00:05]} 43. Rxd3 Qxd3 {[%clk 0:00:05]} 44. Qxf6
{[%clk 0:00:06]} Qd1# {[%clk 0:00:06]} 0-1

[Event "D18blitz"]
[Site "?"]
[Date "2020.08.27"]
[Round "13.4"]
[White "Malicka, Maria"]
[Black "Wolagiewicz, Kinga"]
[Result "1-0"]
[BlackElo "1510"]
[WhiteElo "1818"]
[LiveChessVersion "1.4.4"]

1. e4 c6 2. d4 d5 3. Nc3 dxe4 4. Nxe4 Nf6 5. Nxf6+ exf6 6. c3 Bd6 7. Bd3 O-O 8.
Qc2 Re8+ 9. Ne2 h6 10. Be3 Nd7 11. O-O-O Nf8 12. c4 a6 13. Nc3 b5 14. c5 Be7 15.
Be4 Bd7 16. d5 cxd5 17. Nxd5 Qa5 18. Kb1 Rac8 19. Nb6 Rcd8 20. c6 Be6 21. b3 f5
22. Bd5 f4 23. Bxe6 Nxe6 24. c7 fxe3 25. cxd8=Q Rxd8 26. Rxd8+ Bxd8 27. Nd5 exf2
28. Qxf2 b4 29. Rf1 f6 30. Ne3 Qe5 31. Nc4 Qe4+ 32. Qc2 Qd4 33. Rd1 Qf4 34. Qe2
Qf5+ 35. Qd3 Qg5 36. Qe4 Kf7 37. Qb7+ Be7 38. Qf3 Qg6+ 39. Qd3 Qxg2 40. h3 Qg5
41. Qd5 Qg6+ 42. Kb2 {[%clk 0:00:08]} Qh5 43. Qxh5+ 1-0

[Event "D18blitz"]
[Site "?"]
[Date "2020.08.27"]
[Round "13.5"]
[White "Michalska, Aleksandra"]
[Black "Kulpa, Zuzanna"]
[Result "0-1"]
[BlackElo "1490"]
[WhiteElo "1688"]
[LiveChessVersion "1.4.4"]

1. e4 {[%clk 0:03:03]} c5 {[%clk 0:03:04]} 2. Nc3 {[%clk 0:03:04]} Nc6
{[%clk 0:03:03]} 3. Bb5 {[%clk 0:03:05]} Nd4 {[%clk 0:03:02]} 4. Bc4
{[%clk 0:03:07]} a6 {[%clk 0:03:03]} 5. a4 {[%clk 0:03:07]} e6 {[%clk 0:03:03]}
6. d3 {[%clk 0:03:08]} Ne7 {[%clk 0:03:03]} 7. Nge2 {[%clk 0:03:09]} g6
{[%clk 0:03:03]} 8. O-O {[%clk 0:03:08]} Bg7 {[%clk 0:03:04]} 9. f4
{[%clk 0:03:08]} O-O {[%clk 0:03:03]} 10. Nxd4 Bxd4+ {[%clk 0:03:00]} 11. Kh1
{[%clk 0:03:06]} d5 {[%clk 0:02:58]} 12. exd5 {[%clk 0:03:04]} exd5
{[%clk 0:02:59]} 13. Bb3 {[%clk 0:03:03]} Be6 {[%clk 0:02:59]} 14. Ne2
{[%clk 0:03:03]} Bg7 {[%clk 0:02:57]} 15. c3 {[%clk 0:02:56]} Nf5
{[%clk 0:02:37]} 16. Bc2 {[%clk 0:02:49]} d4 {[%clk 0:02:32]} 17. c4
{[%clk 0:02:45]} h5 {[%clk 0:02:29]} 18. Qe1 {[%clk 0:02:41]} Re8
{[%clk 0:02:28]} 19. Qf2 {[%clk 0:02:42]} Bd7 {[%clk 0:02:20]} 20. Ng3
{[%clk 0:02:41]} Ne3 {[%clk 0:02:10]} 21. Bxe3 {[%clk 0:02:36]} dxe3
{[%clk 0:02:11]} 22. Qe2 {[%clk 0:02:36]} Bg4 {[%clk 0:01:56]} 23. Qe1
{[%clk 0:02:28]} e2 {[%clk 0:01:55]} 24. Rf2 {[%clk 0:02:27]} Bd4
{[%clk 0:01:56]} 25. Ne4 {[%clk 0:02:14]} Bxf2 {[%clk 0:01:53]} 26. Qxf2
{[%clk 0:02:11]} Rxe4 {[%clk 0:01:09]} 27. dxe4 {[%clk 0:02:06]} Qd2
{[%clk 0:01:10]} 28. Bb3 {[%clk 0:01:48]} Qxb2 {[%clk 0:01:11]} 29. Re1
{[%clk 0:01:47]} Qxb3 {[%clk 0:01:09]} 30. h3 {[%clk 0:01:48]} Be6
{[%clk 0:00:54]} 31. Rxe2 {[%clk 0:01:47]} Qxc4 {[%clk 0:00:44]} 32. f5
{[%clk 0:01:39]} Bd7 {[%clk 0:00:33]} 33. f6 {[%clk 0:01:35]} Qd4
{[%clk 0:00:32]} 34. Re3 {[%clk 0:01:20]} Bxa4 {[%clk 0:00:23]} 35. Qf4
{[%clk 0:01:18]} Re8 {[%clk 0:00:20]} 36. Qh6 {[%clk 0:01:16]} Qxf6
{[%clk 0:00:20]} 37. Re1 {[%clk 0:01:09]} b5 {[%clk 0:00:19]} 38. Qe3
{[%clk 0:01:09]} c4 {[%clk 0:00:19]} 39. e5 {[%clk 0:01:08]} Qe6 {[%clk 0:00:19]}
40. Qg5 {[%clk 0:01:06]} Qf5 {[%clk 0:00:20]} 41. Qe3 {[%clk 0:01:06]} Bc2
{[%clk 0:00:20]} 42. Qb6 {[%clk 0:01:06]} Bd3 {[%clk 0:00:19]} 43. Qxa6
{[%clk 0:01:05]} Rxe5 {[%clk 0:00:19]} 44. Qa8+ {[%clk 0:01:00]} Kg7
{[%clk 0:00:20]} 45. Qa1 {[%clk 0:01:01]} f6 {[%clk 0:00:20]} 46. Rc1
{[%clk 0:00:55]} Re2 {[%clk 0:00:18]} 47. Rg1 {[%clk 0:00:52]} Qe5
{[%clk 0:00:18]} 48. Qa7+ {[%clk 0:00:51]} Qe7 {[%clk 0:00:18]} 49. Qb6
{[%clk 0:00:49]} Re1 {[%clk 0:00:18]} 50. Qxb5 {[%clk 0:00:47]} Rxg1+
{[%clk 0:00:19]} 51. Kxg1 {[%clk 0:00:48]} Qe1+ {[%clk 0:00:20]} 52. Kh2
{[%clk 0:00:49]} Qe5+ {[%clk 0:00:21]} 0-1

[Event "D18blitz"]
[Site "?"]
[Date "2020.08.27"]
[Round "13.6"]
[White "Vanduyfhuys, Daria"]
[Black "Orlik, Sandra"]
[Result "0-1"]
[BlackElo "1515"]
[WhiteElo "1844"]
[LiveChessVersion "1.4.4"]

1. d4 {[%clk 0:03:03]} f5 {[%clk 0:03:02]} 2. c4 {[%clk 0:03:04]} e6
{[%clk 0:03:02]} 3. Nf3 {[%clk 0:03:04]} d5 {[%clk 0:03:02]} 4. Nc3
{[%clk 0:03:05]} c6 {[%clk 0:03:03]} 5. g3 {[%clk 0:03:04]} Bd6 {[%clk 0:03:02]}
6. Bf4 {[%clk 0:03:02]} Nf6 {[%clk 0:03:00]} 7. Bxd6 {[%clk 0:02:56]} Qxd6
{[%clk 0:03:01]} 8. Bg2 {[%clk 0:02:51]} Nbd7 {[%clk 0:02:59]} 9. Qd3
{[%clk 0:02:38]} Ne4 {[%clk 0:02:50]} 10. O-O {[%clk 0:02:26]} O-O
{[%clk 0:02:50]} 11. b3 {[%clk 0:02:19]} b6 {[%clk 0:02:46]} 12. Rac1
{[%clk 0:01:57]} a5 {[%clk 0:02:37]} 13. Qc2 {[%clk 0:01:57]} Bb7
{[%clk 0:02:37]} 14. cxd5 {[%clk 0:01:49]} exd5 {[%clk 0:02:36]} 15. Na4
{[%clk 0:01:43]} Rae8 {[%clk 0:02:26]} 16. e3 {[%clk 0:01:43]} b5
{[%clk 0:02:16]} 17. Nb2 {[%clk 0:01:43]} h6 {[%clk 0:02:10]} 18. Nd3
{[%clk 0:01:43]} Rc8 {[%clk 0:01:58]} 19. Qb2 {[%clk 0:01:33]} c5
{[%clk 0:01:47]} 20. dxc5 {[%clk 0:01:34]} Ndxc5 {[%clk 0:01:48]} 21. Nxc5
{[%clk 0:01:34]} Rxc5 {[%clk 0:01:47]} 22. Rxc5 {[%clk 0:01:32]} Qxc5
{[%clk 0:01:46]} 23. Rc1 {[%clk 0:01:32]} Qd6 {[%clk 0:01:40]} 24. Nd4
{[%clk 0:01:32]} b4 {[%clk 0:01:39]} 25. Nb5 {[%clk 0:01:21]} Qb6
{[%clk 0:01:36]} 26. Nd4 {[%clk 0:01:07]} Nc3 {[%clk 0:01:33]} 27. a3
{[%clk 0:01:04]} Qf6 {[%clk 0:01:16]} 28. axb4 {[%clk 0:01:02]} axb4
{[%clk 0:01:17]} 29. Ra1 {[%clk 0:00:59]} Ra8 {[%clk 0:01:10]} 30. Rxa8+
{[%clk 0:00:58]} Bxa8 {[%clk 0:01:11]} 31. Qa1 {[%clk 0:00:59]} Qf8
{[%clk 0:00:59]} 32. Qa7 {[%clk 0:00:48]} Qc8 {[%clk 0:00:49]} 33. Bf1
{[%clk 0:00:42]} g6 {[%clk 0:00:44]} 34. Qb6 {[%clk 0:00:36]} Kg7
{[%clk 0:00:40]} 35. Qxb4 {[%clk 0:00:37]} Ne4 {[%clk 0:00:38]} 36. Qe7+
{[%clk 0:00:28]} Kg8 {[%clk 0:00:38]} 37. Qe6+ {[%clk 0:00:28]} Qxe6
{[%clk 0:00:38]} 38. Nxe6 {[%clk 0:00:28]} Kf7 {[%clk 0:00:34]} 39. Nf4
{[%clk 0:00:27]} g5 {[%clk 0:00:33]} 40. Nd3 {[%clk 0:00:28]} Ke6
{[%clk 0:00:33]} 41. f3 {[%clk 0:00:29]} Nd2 {[%clk 0:00:32]} 42. b4
{[%clk 0:00:28]} Nxf3+ {[%clk 0:00:32]} 43. Kg2 {[%clk 0:00:27]} Nd2
{[%clk 0:00:32]} 44. Be2 {[%clk 0:00:28]} d4+ {[%clk 0:00:32]} 45. Kf2
{[%clk 0:00:26]} Ne4+ {[%clk 0:00:31]} 46. Ke1 {[%clk 0:00:26]} dxe3
{[%clk 0:00:32]} 47. Bd1 {[%clk 0:00:24]} Bd5 {[%clk 0:00:31]} 48. Ba4
{[%clk 0:00:21]} Nc3 {[%clk 0:00:31]} 49. Be8 {[%clk 0:00:18]} Bc4
{[%clk 0:00:29]} 50. Nc1 {[%clk 0:00:17]} f4 {[%clk 0:00:29]} 51. gxf4
{[%clk 0:00:18]} gxf4 {[%clk 0:00:30]} 52. Bh5 {[%clk 0:00:18]} Ke5
{[%clk 0:00:28]} 53. Bf3 {[%clk 0:00:19]} Kd4 {[%clk 0:00:29]} 54. Bc6
{[%clk 0:00:15]} Bb5 {[%clk 0:00:29]} 55. Bf3 {[%clk 0:00:15]} Kc4
{[%clk 0:00:29]} 56. Ne2 {[%clk 0:00:16]} Kxb4 {[%clk 0:00:28]} 57. Nxc3
{[%clk 0:00:15]} Kxc3 {[%clk 0:00:30]} 58. Bg4 {[%clk 0:00:14]} Bd3
{[%clk 0:00:30]} 59. Bf3 {[%clk 0:00:14]} Kd4 {[%clk 0:00:30]} 60. Bg4
{[%clk 0:00:14]} Be4 {[%clk 0:00:31]} 61. Ke2 {[%clk 0:00:15]} Ke5
{[%clk 0:00:30]} 62. Bh5 {[%clk 0:00:15]} Kf6 {[%clk 0:00:30]} 63. Ke1
{[%clk 0:00:15]} Kg5 {[%clk 0:00:31]} 64. Bd1 {[%clk 0:00:15]} Kh4
{[%clk 0:00:32]} 65. Kf1 {[%clk 0:00:14]} f3 {[%clk 0:00:31]} 66. Bb3
{[%clk 0:00:13]} Kh3 {[%clk 0:00:30]} 67. Ke1 {[%clk 0:00:12]} Kxh2
{[%clk 0:00:30]} 68. Kf1 {[%clk 0:00:13]} Bd3+ {[%clk 0:00:30]} 69. Ke1
{[%clk 0:00:14]} f2+ {[%clk 0:00:31]} 70. Kd1 {[%clk 0:00:14]} f1=Q#
{[%clk 0:00:29]} 0-1